Raymond Chen

Toronto Ray of Sun in the Sky


Categories

Literature - American Literature1411506492.6035
Literature - European Literature3110505176.2534
Science - Biology14214571102.8035
Science - Chemistry0310255995.6723
Literature - British Literature2010255057.5022
Literature - European Literature0200209399.0012
020020113123.5012
Social Science0200206992.5012
Literature - American Literature1000157474.0001
1130104380.5022
Fine Arts - Auditory Fine Arts010010113113.0011
History - World History010110130130.0001
Philosophy0100108383.0001
Science - Physics010010112112.0001
Social Science010110123123.0001
Beliefs0100108585.0011
Science - Biology0010-50.0000
Literature - British Literature0010-50.0000
Chemistry>0010-50.0000

Buzzes

Americanah1543
Literature - British Literaturemills1550
Literature - European LiteratureJosé Saramago1551
Science - Chemistryelimination1059
Science - Biologyfluorescence-561
Literature - American LiteratureJames Baldwin1564
Literature - British LiteratureThe Waste Land1565
plantations-567
Social Scienceplacebo effect1069
Literature - American LiteratureDeath of a Salesman1070